01033nam a22002297a 450000100060000000300080000600500170001400800410003103500190007204000350009104100080012608200260013410000180016024501990017826001200037730000390049750201260053650400340066265000330069670000350072970000390076481913BD-RjUL20230918120427.0230912s2021 bg a|||| m||| 00| 0 eng d a(BD-RjUL)81913 aBD-RjULbengcBD-RjULdBD-RjUL aeng 223a572.515bMAR 2021 aMarzan, Maria10aResponse of micronutrients on growth and yield of wheat under late seedling heat stress condition /cSubmitted By Maria Marzan ;6Supervisor : Md. Aminul Hoque, Co-Supervisor : Md. Ilias Hossain aRajshahi :bDepartment of agronomy and Agricultural Extension Faculty of Agriculture, University of Rajshahi,c2021 axxiv, 218 leaves :bill, ;c29.cm. aThesis (Ph. D.) -- Department of agronomy and Agricultural Extension Faculty of Agriculture, University of Rajshahi, 2021 aReferences : Leaves 171 - 191 aMicronutrientsvBiochemistry aHoque, Md. Aminul, Supervisor  aHossain, Md. Ilias, Co-Supervisor